000
00284nam a22001337a 4500
008
181105b xxu||||| |||| 00| 0 eng d
020
_a
0030419378
041
_a
eng
080
_a
531
100
_a
43
101
_a
FIZ
245
_a
Modern Physics
_c
Williams, J.E
942
_2
udc
_c
BK
999
_c
51892
_d
51892